logo

Bir Sreshtho Munshi Abdur Rouf Library
Jhenaidah Cadet College

Living : (Record no. 7540)

MARC details
000 -LEADER
fixed length control field 00785pam a2200289 i 4500
001 - CONTROL NUMBER
JCCL Control Number 7540
003 - CONTROL NUMBER IDENTIFIER
JCCL marc code BD - JhCC
005 - DATE AND TIME OF LATEST TRANSACTION
control field 20181006104201.0
008 - FIXED-LENGTH DATA ELEMENTS--GENERAL INFORMATION
fixed length control field 741111s1975 nyu 000 1 eng
020 ## - INTERNATIONAL STANDARD BOOK NUMBER
International Standard Book Number 0394495136
035 ## - SYSTEM CONTROL NUMBER
system control number (BD - JhCC)7540
035 ## - SYSTEM CONTROL NUMBER
system control number (OCoLC)01104098
035 ## - SYSTEM CONTROL NUMBER
system control number GLIS00012590
040 ## - CATALOGING SOURCE
Original cataloging agency DLC
Transcribing agency DLC
Modifying agency MYG
-- BD - JhCC
041 ## - LANGUAGE CODE
Language code of Book eng
082 ## - DEWEY DECIMAL CLASSIFICATION NUMBER
Classification number 613
Author mark and Year HEI 1965
090 ## - LOCALLY ASSIGNED LC-TYPE CALL NUMBER (OCLC); LOCAL CALL NUMBER (OCLC)
Classification number (OCLC) (R) ; Classification number, CALL (RLIN) (NR) PS3553.A537
Local cutter number (OCLC) ; Book number/undivided call number, CALL (RLIN) L5
099 ## - LOCAL FREE-TEXT CALL NUMBER
Classification number PS3553.A537.L5
245 10 - TITLE STATEMENT
Title Living :
Remainder of title a college text in health education /
Statement of responsibility, etc Fred V. Hein and Dana L. farnsworth
250 ## - EDITION STATEMENT
Edition statement 1st ed.
260 ## - PUBLICATION, DISTRIBUTION, ETC. (IMPRINT)
Place of publication, distribution, etc New York :
Name of publisher, distributor, etc Knopf,
Date of publication, distribution, etc 1965.
300 ## - PHYSICAL DESCRIPTION
Pagination 227 p. ;
Dimensions 22 cm.
650 ## - SUBJECT ADDED ENTRY--TOPICAL TERM
Topical term or geographic name as entry element Mental health
650 ## - SUBJECT ADDED ENTRY--TOPICAL TERM
Topical term or geographic name as entry element Physiology
942 ## - ADDED ENTRY ELEMENTS (KOHA)
Source of classification or shelving scheme Dewey Decimal Classification
Koha item type Books
Holdings
Source of classification or shelving scheme Damaged status Not for loan Home library Current library Shelving location Total Checkouts Full call number Barcode Date last seen Copy number Koha item type
Dewey Decimal Classification     JCC Rouf Library JCC Rouf Library General Stacks   613 HEI 1965 10108 02/11/2018 C - 1 Books

JCC Library | Contacts | JCC Home

Last Update on 23 September 2017
Copyright @ 2017-2020 JCC Rouf Library
Rouf Library, Jhenidah Cadet College (JCC), Bangladesh